书目信息 |
| 题名: |
桥梁工程
|
|
| 作者: | 陈宝春 主编 | |
| 分册: | ||
| 出版信息: | 北京 人民交通出版社 2009.02 |
|
| 页数: | 377页 | |
| 开本: | 26cm | |
| 丛书名: | ||
| 单 册: | ||
| 中图分类: | U44 | |
| 科图分类: | ||
| 主题词: | 桥涵工程 | |
| 电子资源: | ||
| ISBN: | 978-7-114-07506-3 | |
| 000 | 00608nam0 2200205 450 | |
| 001 | 0939661659 | |
| 005 | 20091231110352.76 | |
| 010 | @a978-7-114-07506-3@dCNY 45.00 | |
| 100 | @a20091231d2009 km y0chiy0120 ea | |
| 101 | 0 | @achi |
| 102 | @aCN@b110000 | |
| 200 | 1 | @a桥梁工程@Aqiao liang gong cheng@f陈宝春主编@Fchen bao chun zhu bian |
| 210 | @a北京@c人民交通出版社@d2009.02 | |
| 215 | @a377页@d26cm | |
| 300 | @a21世纪交通版高等学校教材 | |
| 606 | 0 | @a桥涵工程 |
| 690 | @aU44@v4 | |
| 701 | 0 | @a陈宝春@Achen bao chun@4主编 |
| 801 | 0 | @aCN@b大连网信软件有限公司图书馆·11@c20091231 |
| 905 | @aZUCC@dU44@eC360 | |
| 桥梁工程/陈宝春主编.-北京:人民交通出版社,2009.02 |
| 377页;26cm |
| 21世纪交通版高等学校教材 |
| ISBN 978-7-114-07506-3:CNY 45.00 |
| ● |
| 相关链接 |
|
|
|
正题名:桥梁工程
索取号:U44/C360
 
预约/预借
| 序号 | 登录号 | 条形码 | 馆藏地/架位号 | 状态 | 备注 |
| 1 | 891685 | 208916850 | 自科库501/501自科库 53排7列4层/ [索取号:U44/C360] | 在馆 | |
| 2 | 891686 | 208916869 | 自科二线400A/400A自科库 28排3列5层/ [索取号:U44/C360] | 在馆 | |
| 3 | 891687 | 208916878 | 自科库501/409社科库 94排3列4层/ [索取号:U44/C360] | 在馆 | |
| 4 | 891688 | 208916887 | 自科库501/409社科库 94排3列4层/ [索取号:U44/C360] | 在馆 | |
| 5 | 891689 | 208916896 | 自科库501/409社科库 94排3列4层/ [索取号:U44/C360] | 在馆 |